Don Luis Faraudo de Saint-Germain, en la Biblioteca Central
Colección:
San Jorge,
; núm. 3 (juliol 1951), pàg. 46
Materias:
Miquel i Planas, R. -- (Ramon), -- 1874-1950 -- Exposicions
; Miquel i Planas, R. -- (Ramon), -- 1874-1950 -- Bibliografia
; Biblioteca Central (Barcelona, Catalunya) -- Exposicions
; Biblioteca Central (Barcelona, Catalunya) -- Fons documentals
Idioma:
Español
MARC
| LEADER | 00000naa a2200000 a 4500 | ||
|---|---|---|---|
| 003 | Arxiu | ||
| 005 | 20260324181027.0 | ||
| 008 | 160829s1951 spc xx s spa c 000 0 cat d | ||
| 245 | 0 | 4 | |a Don Luis Faraudo de Saint-Germain, en la Biblioteca Central |
| 490 | |a San Jorge, |v núm. 3 (juliol 1951), pàg. 46 | ||
| 600 | 1 | 0 | |a Miquel i Planas, R. |q (Ramon), |d 1874-1950 |x Exposicions |9 54597 |
| 600 | 1 | 0 | |a Miquel i Planas, R. |q (Ramon), |d 1874-1950 |x Bibliografia |9 54596 |
| 610 | 2 | 0 | |a Biblioteca Central (Barcelona, Catalunya) |v Exposicions |9 54534 |
| 610 | 2 | 0 | |9 54535 |a Biblioteca Central (Barcelona, Catalunya) |v Fons documentals |
| 773 | |t San Jorge |g Núm. 3 (juliol 1951), pàg. 46 | ||
| 901 | |a Arxiu | ||
| 942 | |n 1 |2 udc |c ART | ||
| 952 | |0 0 |1 0 |4 0 |6 REV508 |7 1 |9 64701 |a Arxiu |b Arxiu |d 2022-12-12 |l 0 |o Rev-508 |r 2022-12-12 00:00:00 |w 2022-12-12 |y ARXIU | ||
| 999 | |c 44143 |d 44143 | ||